00613nam a2200169Ia 450000500170000000800410001702000150005808200080007310000270008124500660010826000380017430000120021250001010022494200060032595200970033199900150042820250219000451.0240331s9999 xx 000 0 und d a955962010X bJOU aParanavitana, K.D. tr. 0aJournal of spilbergan :bthe first dutch envoy to Ceylon 1602 aDehiwalabSri Devi Printersc1997 a70 p ., aThis translation of extracts relating to Ceylon from the travel Journal of Joris van spilbergen  cL 001040708LaWERCLbWERCLcSSCd2024-03-31l0o 954.3 JOUp2468r2024-03-31w2024-03-31yL c3526d3526